• 首页
  • 本馆介绍
  • 公告通知
  • 最新文献
  • 馆藏检索
  • 电子资源
  • 读者导购
  • 参考咨询
  • 我的图书馆
  • 登录
  • 详细信息显示
  • 放入我的书架
  • 预约/预借图书
  • 作者相关作品
  • 分类相关作品
  • 丛书相关作品
  • 出版社相关作品

书目信息

  • 表格格式
  • 工作单格式
  • 卡片格式
题名:
汽车制造工艺
    
 
作者: 杜绍研 , 冯春军 主编
分册:  
出版信息: 北京   航空工业出版社  2015.08
页数: 234页
开本: 26cm
丛书名:
单 册:
中图分类: U466
科图分类:
主题词: 汽车--生产工艺--高等职业教育--教材
电子资源:
ISBN: 978-7-5165-0848-0
000 00886nam0 2200253 450
001 5240
005 20181014155728.93
010    @a978-7-5165-0848-0@dCNY39.80
100    @a20160204d2015 em y0chiy50 ea
101 0  @achi
102    @aCN@b110000
105    @aa z 000yy
200 1  @a汽车制造工艺@9qi che zhi zao gong yi@b专著@f杜绍研,冯春军主编
210    @a北京@c航空工业出版社@d2015.08
215    @a234页@c图@d26cm
300    @a高等职业教育“十二五”规划教材
330    @a本书主要内容包括:汽车制造概述、汽车零部件毛坯制造工艺基础知识、机床夹具与工件的定位、汽车零部件机械加工工艺基础知识、汽车装配工艺基础知识、汽车典型零件制造工艺等。
333    @a高职
606 0  @a汽车@x生产工艺@x高等职业教育@j教材
690    @aU466@v5
701  0 @a杜绍研@9du shao yan@4主编
701  0 @a冯春军@9feng chun jun@4主编
801  0 @aCN@b91MARC@c20160302
905    @aMuseLib@dU466@e797
    
    汽车制造工艺/杜绍研,冯春军主编.-北京:航空工业出版社,2015.08
    234页:图;26cm
    高等职业教育“十二五”规划教材.-使用对象:高职
    
    ISBN 978-7-5165-0848-0:CNY39.80
    本书主要内容包括:汽车制造概述、汽车零部件毛坯制造工艺基础知识、机床夹具与工件的定位、汽车零部件机械加工工艺基础知识、汽车装配工艺基础知识、汽车典型零件制造工艺等。
●
相关链接 在E读中查询图书 在五车中查询图书 在当当中查询图书 在豆瓣中查询图书


正题名:汽车制造工艺     索取号:U466/797         预约/预借

序号 登录号 条形码 馆藏地/架位号 状态 备注
1 1128769   211287695   第二样本阅览室/ [索取号:U466/797] 在馆    
2 1128770   211287702   第三借阅区/ [索取号:U466/797] 在馆    
3 1128771   211287711   第三借阅区/ [索取号:U466/797] 在馆    
4 1128772   211287720   第三借阅区/ [索取号:U466/797] 在馆    
5 1128773   211287739   密集书库-物理学院/ [索取号:U466/797] 在馆    
唐山师范学院图书馆 欢迎您!
大连网信软件有限公司© 版权所有